000 01016nam a22002657a 4500
999 _c22510
_d22510
003 AR-CdUCM
008 190425b ||||| |||| 00| 0 spa d
020 _a9786124126987
040 _aMUNICIPALIDAD PROVINCIAL DEL CUSCO
_cBIBLIOTECA MUNICIPAL DEL CUSCO
082 _a746.1498562/H83
_bH83
100 _aHuamán Carhuaricra, Angelina
_948359
245 _aTejemos nuestra vida :
_btestimonios sobre el arte textil de Taquile /
_c[investigación, Angelina Huamán Carhuaricra]
260 _aLima :
_bMinisterio de Cultura,
_c2017.
300 _a83 páginas. :
_bilustraciones en color ;
_c25 cm.
650 _aArtesanías textiles
_940189
650 _aTejedores
_948371
650 _aTejidos
_940187
650 _aTejido a mano
_948372
650 _aIsla Taquile
_948373
650 _aPuno Perú
_917146
710 _aMinisterio de Cultura Perú
_948332
856 _uhttps://geoportal.cultura.gob.pe/assets/patinmaterial/archivos/doc/ba_57fd5607906e2.pdf
_zLeer en pdf
942 _2ddc
_cLIBROS
945 _arac